Anushthanaprakasa : mahanibandh/ (Record no. 2502)

000 -LEADER
fixed length control field 00361nam a22001331a 4500
082 ## - DEWEY DECIMAL CLASSIFICATION NUMBER
Classification number S 294.538
Item number KHE/A
100 ## - MAIN ENTRY--AUTHOR NAME
Personal name Khemraj Shrikrishnadass
245 ## - TITLE STATEMENT
Title Anushthanaprakasa : mahanibandh/
Statement of responsibility, etc by Khemraj Shrikrishnadass
260 ## - PUBLICATION, DISTRIBUTION, ETC. (IMPRINT)
Place of publication Mumbai:
Name of publisher Khemraj Shrikrishnadass,
Year of publication 2004.
650 ## - SUBJECT ADDED ENTRY--TOPICAL TERM
Topical Term Custom Hinduism
650 ## - SUBJECT ADDED ENTRY--TOPICAL TERM
Topical Term Hinduism
650 ## - SUBJECT ADDED ENTRY--TOPICAL TERM
Topical Term Religion
942 ## - ADDED ENTRY ELEMENTS (KOHA)
Koha item type Book
Holdings
Withdrawn status Lost status Damaged status Not for loan Permanent Location Current Location Date acquired Cost, normal purchase price Full call number Accession Number Cost, replacement price Price effective from Koha item type
        Sree Sankaracharya University of Sanskrit Sree Sankaracharya University of Sanskrit 08.01.2015 180.00 S 294.538 KHE/A 052623 0.00 08.01.2015 Book